Bilecik Bilecik Bilecik Bilecik Bilecik

Hükümet üstüne ikinci tez/ (Record no. 45309)

MARC details
000 -BAŞLIK
Sabit Uzunluktaki Kontrol Alanı 01231nam a22003737a 4500
001 - KONTROL NUMARASI
Control Dosyası 0045340
003 - KONTROL NUMARASI KİMLİĞİ
Kontrol Alanı KOHA_MİRAKIL
005 - EN SON İŞLEM TARİHİ ve ZAMANI
Kontrol Alanı 20260207003443.0
007 - FİZİKSEL TANIM SABİT ALAN - GENEL BİLGİ
Sabit uzunluklu kontrol alanı ta
008 - SABİT UZUNLUKTAKİ VERİ ÖGELERİ - GENEL BİLGİ
Sabit Alan 131220b2011 tu |||gr||||#||||0|tur |
020 ## - ISBN - ULUSLARARASI STANDART KİTAP NUMARASI
Isbn 9789944260954
040 ## - KATALOGLAMA KAYNAĞI
Özgün Kataloglama Kurumu TR-BiSEU
Kataloglama Dili tur
Çeviri Kurumu TR-BiSEU
Açıklama Kuralları rda
041 0# - DİL KODU
Metin ya da ses kaydının dil kodu tur
044 ## - YAYINLAYAN/ÜRETEN KURULUŞUN ÜLKE KODU
ISO country code tu
050 ## - SINIFLAMA ve YER NUMARASI
Sınıflama Numarası JC153
Yer Numarası .L63 2011
100 1# - KİŞİ ADI
Yazar Adı (Kişi adı) Locke, John.
245 1# - ESER ADI BİLDİRİMİ
Başlık Hükümet üstüne ikinci tez/
Sorumluluk Bildirimi John Locke ; John Locke ; çeviren: Aysel Doğan.
250 ## - BASIM BİLDİRİMİ
Basım Bildirimi 2. baskı
264 #1 - ÜRERİM, YAYIN, DAĞITIM ve TELİF BİLDİRİMİ
Yayın yeri İzmir :
Yayınlayan İlya İzmir Yayınevi Matbaası
Yayın tarihi 2011
300 ## - FİZİKSEL TANIMLAMA
Sayfa, Cilt vb. 196 sayfa; 20 cm.
336 ## - İÇERİK TÜRÜ
Content type term metin
Content type code txt
Source rdacontent
337 ## - MEDYA TÜRÜ
Media type term aracısız
Media type code n
Source rdamedia
338 ## - TAŞIYICI TÜRÜ
Carrier type term cilt
Carrier type code nc
Source rdacarrier
490 1# - DİZİ BİLDİRİMİ
Dizi Bildirimi İlya ;
Cilt Numarası yayın no.: 239.
490 1# - DİZİ BİLDİRİMİ
Dizi Bildirimi Felsefe dizisi ;
Cilt Numarası 23
500 ## - GENEL NOT
Genel Not Özgün adı : Two treatises of government.
650 #0 - KONU BAŞLIĞI EK GİRİŞ - KONU TERİMİ
Konusal terim veya coğrafi ad Liberty--Early works to 1800.
9 (RLIN) 83640
650 #0 - KONU BAŞLIĞI EK GİRİŞ - KONU TERİMİ
Konusal terim veya coğrafi ad Political science--Early works to 1800.
9 (RLIN) 9815
650 #0 - KONU BAŞLIĞI EK GİRİŞ - KONU TERİMİ
Konusal terim veya coğrafi ad Siyaset bilim--1800 den önceki çalışmalar.
9 (RLIN) 83641
650 #0 - KONU BAŞLIĞI EK GİRİŞ - KONU TERİMİ
Konusal terim veya coğrafi ad Özgürlük--1800 den önceki çalışmalar.
9 (RLIN) 83642
830 1# - SERİ EK GİRİŞİ - TEKBİÇİM ESER ADI
Tekbiçim Başlık İlya ;
Volume number/sequential designation yayın no.: 239.
9 (RLIN) 32878
830 1# - SERİ EK GİRİŞİ - TEKBİÇİM ESER ADI
Tekbiçim Başlık Felsefe dizisi ;
Volume number/sequential designation 23
9 (RLIN) 7405
942 ## - EK GİRİŞ ÖGELERİ (KOHA)
Source of classification or shelving scheme Library of Congress Classification
Koha item type Book
Holdings
Materyal Türü Kalıcı Konum Mevcut Konum Raf Yeri Sınıflandırma Kaynağı Edinim Bilgisi Ana Konular Alt Konular Yer Numarası Demirbaş Numarası Fatura Tarihi Geri Çekilme Durumu Kayıp Durumu Hasarlı Durumu Kredi için değil Kayıt Tarih Toplam Ödünçverme Son Görülme Tarihi Son Kontrol Tarihi Genel / Bağış Notu
Book Prof. Dr. Azmi Özcan Kütüphanesi Prof. Dr. Azmi Özcan Kütüphanesi Uluğbey Salonu Library of Congress Classification Bağış SİYASET BİLİMİ Siyaset Teorisi JC153 .L63 2011 0045340 02/02/2026         20/12/2013 2 05/12/2024 05/12/2024 Genel Bağış